00215nam a22000977a 4500003000400000082001600004100002200020245003600042260003100078300000800109SGT a617.6bC75M aMarco. Thomas J.  aClinical Dental Sciences Review bArco Publishing Co. c1975 a344